000 00401nam a22001697a 4500
003 MPLRDC
005 20220104143400.0
008 210129b ||||| |||| 00| 0 eng d
082 _a448.8 ZSY
100 _a张始元编
245 _a无线电基础知识
_c
250 _a六版
260 _a
_b香港上海书局
_c1977
300 _b
650 _a无线电工学
942 _cBK
_o448.8 ZSY
999 _c39350
_d39340